000 00636cam a22001457a 4500
008 180718b1972 xxu||||| |||| 00| 0 eng d
082 _aT1603x54 In2e
100 _aIndia. Expert Committee on Multi-State Cooperative Socities Legislation
245 _aExpert Committee on Multi-State Cooperative Societies Legislation: report
_cby Department of Cooperation, Ministry of Agriculture
260 _aNew Delhi
_bDepartment of Cooperation, Ministry of Agriculture
_c1972
300 _a221+p.
500 _aChairman: Udaybhansinhji
700 _aIndia. Ministry of Agriculture. Department of Cooperation
700 _aUdaybhansinhji (Chairman)
999 _c489642
_d489642